[Event "Campeonato de España Universitario 2024"]
[Site "Zaragoza, Spain"]
[Date "2024.04.23"]
[Round "4.2"]
[White "Quintin Navarro, Alberto"]
[Black "Sanchez Saez, Francisco"]
[Result "1-0"]
[WhiteFideId "2292688"]
[BlackFideId "2231743"]
[WhiteElo "2310"]
[BlackElo "2213"]

1. Nf3 {[%clk 00:15:17]} {[%emt 00:00:01]} c5 {[%clk 00:15:05]} {[%emt
00:00:16]} 2. c4 {[%clk 00:15:21]} {[%emt 00:00:06]} g6 {[%clk 00:15:10]}
{[%emt 00:00:05]} 3. d4 {[%clk 00:15:12]} {[%emt 00:00:19]} cxd4 {[%clk
00:15:13]} {[%emt 00:00:07]} 4. Nxd4 {[%clk 00:15:21]} {[%emt 00:00:01]} Nc6
{[%clk 00:15:20]} {[%emt 00:00:03]} 5. e4 {[%clk 00:15:27]} {[%emt 00:00:03]}
Nf6 {[%clk 00:15:22]} {[%emt 00:00:08]} 6. Nc3 {[%clk 00:15:35]} {[%emt
00:00:02]} d6 {[%clk 00:15:30]} {[%emt 00:00:03]} 7. Be2 {[%clk 00:15:34]}
{[%emt 00:00:11]} Nxd4 {[%clk 00:15:37]} {[%emt 00:00:03]} 8. Qxd4 {[%clk
00:15:42]} {[%emt 00:00:02]} Bg7 {[%clk 00:15:45]} {[%emt 00:00:01]} 9. Be3
{[%clk 00:15:49]} {[%emt 00:00:04]} O-O {[%clk 00:15:52]} {[%emt 00:00:03]} 10.
Qd2 {[%clk 00:15:57]} {[%emt 00:00:02]} a5 {[%clk 00:15:59]} {[%emt 00:00:04]}
11. f3 {[%clk 00:15:35]} {[%emt 00:00:32]} a4 {[%clk 00:15:59]} {[%emt
00:00:11]} 12. Kf2 {[%clk 00:15:14]} {[%emt 00:00:30]} Qa5 {[%clk 00:14:23]}
{[%emt 00:01:46]} 13. Rab1 {[%clk 00:13:24]} {[%emt 00:02:00]} Qe5 {[%clk
00:13:09]} {[%emt 00:01:24]} 14. Nb5 {[%clk 00:11:14]} {[%emt 00:02:20]} Be6
{[%clk 00:11:17]} {[%emt 00:02:02]} 15. Bd4 {[%clk 00:09:12]} {[%emt 00:02:13]}
Qh5 {[%clk 00:11:06]} {[%emt 00:00:20]} 16. h3 {[%clk 00:08:11]} {[%emt
00:01:10]} Rac8 {[%clk 00:09:57]} {[%emt 00:01:20]} 17. b3 {[%clk 00:05:56]}
{[%emt 00:02:26]} Bh6 {[%clk 00:06:06]} {[%emt 00:04:01]} 18. Qd3 {[%clk
00:04:54]} {[%emt 00:01:11]} Bf4 {[%clk 00:05:12]} {[%emt 00:01:03]} 19. g3
{[%clk 00:04:59]} {[%emt 00:00:05]} Be5 {[%clk 00:05:11]} {[%emt 00:00:12]} 20.
Be3 {[%clk 00:05:03]} {[%emt 00:00:06]} d5 {[%clk 00:03:35]} {[%emt 00:01:45]}
21. cxd5 {[%clk 00:03:39]} {[%emt 00:01:34]} Nxd5 {[%clk 00:02:15]} {[%emt
00:01:30]} 22. f4 {[%clk 00:02:55]} {[%emt 00:00:54]} Bxf4 {[%clk 00:00:21]}
{[%emt 00:02:04]} 23. Bxh5 {[%clk 00:02:27]} {[%emt 00:00:39]} Bxe3+ {[%clk
00:00:29]} {[%emt 00:00:02]} 24. Ke2 {[%clk 00:01:57]} {[%emt 00:00:39]} Bb6
{[%clk 00:00:20]} {[%emt 00:00:19]} 25. exd5 {[%clk 00:01:16]} {[%emt
00:00:51]} Bf5 {[%clk 00:00:29]} {[%emt 00:00:01]} 26. Qxf5 {[%clk 00:01:18]}
{[%emt 00:00:08]} gxf5 {[%clk 00:00:38]} {[%emt 00:00:02]} 27. Rbc1 {[%clk
00:01:22]} {[%emt 00:00:06]} Ra8 {[%clk 00:00:26]} {[%emt 00:00:22]} 28. b4
{[%clk 00:01:25]} {[%emt 00:00:07]} Rfd8 {[%clk 00:00:30]} {[%emt 00:00:05]} 29.
Rhd1 {[%clk 00:01:20]} {[%emt 00:00:15]} a3 {[%clk 00:00:39]} {[%emt 00:00:02]}
30. Bf3 {[%clk 00:01:15]} {[%emt 00:00:14]} Rd7 {[%clk 00:00:16]} {[%emt
00:00:34]} 31. Rd3 {[%clk 00:01:12]} {[%emt 00:00:13]} Ra4 {[%clk 00:00:24]}
{[%emt 00:00:02]} 32. Rb1 {[%clk 00:01:02]} {[%emt 00:00:20]} Bc7 {[%clk
00:00:28]} {[%emt 00:00:06]} 33. Rxa3 {[%clk 00:00:44]} {[%emt 00:00:28]} Rxa3
{[%clk 00:00:37]} {[%emt 00:00:02]} 34. Nxa3 {[%clk 00:00:52]} {[%emt
00:00:01]} Bxg3 {[%clk 00:00:45]} {[%emt 00:00:02]} 35. Rg1 {[%clk 00:00:54]}
{[%emt 00:00:08]} f4 {[%clk 00:00:54]} {[%emt 00:00:01]} 36. Rc1 {[%clk
00:00:56]} {[%emt 00:00:08]} e5 {[%clk 00:00:59]} {[%emt 00:00:06]} 37. Be4
{[%clk 00:00:47]} {[%emt 00:00:18]} Kg7 {[%clk 00:01:06]} {[%emt 00:00:03]} 38.
Rd1 {[%clk 00:00:40]} {[%emt 00:00:17]} Kf6 {[%clk 00:01:06]} {[%emt 00:00:10]}
39. Nc4 {[%clk 00:00:26]} {[%emt 00:00:24]} b5 {[%clk 00:01:11]} {[%emt
00:00:05]} 40. Na5 {[%clk 00:00:20]} {[%emt 00:00:16]} Kg5 {[%clk 00:01:10]}
{[%emt 00:00:11]} 41. d6 {[%clk 00:00:22]} {[%emt 00:00:08]} f5 {[%clk
00:00:57]} {[%emt 00:00:22]} 42. Bc6 {[%clk 00:00:30]} {[%emt 00:00:02]} Rd8
{[%emt 00:00:07]} 43. d7 {[%clk 00:00:33]} {[%emt 00:00:06]} e4 {[%clk
00:01:09]} {[%emt 00:00:03]} 44. Nb7 {[%clk 00:00:34]} {[%emt 00:00:08]} f3+
{[%clk 00:01:17]} {[%emt 00:00:01]} 45. Kf1 {[%clk 00:00:41]} {[%emt 00:00:03]}
Bc7 {[%clk 00:00:45]} {[%emt 00:00:43]} 46. Nxd8 {[%clk 00:00:48]} {[%emt
00:00:04]} Bxd8 {[%clk 00:00:54]} {[%emt 00:00:01]} 47. Bxb5 {[%clk 00:00:45]}
{[%emt 00:00:12]} Kf4 {[%clk 00:00:57]} {[%emt 00:00:07]} 48. Rc1 {[%clk
00:00:50]} {[%emt 00:00:06]} e3 {[%clk 00:00:54]} {[%emt 00:00:13]} 49. Rc8
{[%emt 00:01:38]} 1-0

[Event "Campeonato de España Universitario 2024"]
[Site "Zaragoza, Spain"]
[Date "2024.04.23"]
[Round "4.3"]
[White "Garcia Escoda, Marc"]
[Black "Cesar Maestre, Bernardo"]
[Result "1/2-1/2"]
[WhiteFideId "24509655"]
[BlackFideId "24542547"]
[WhiteElo "2083"]
[BlackElo "2292"]

1. Nf3 {[%clk 00:15:18]} {[%emt 00:00:02]} d5 {[%clk 00:15:18]} {[%emt
00:00:02]} 2. g3 {[%clk 00:15:23]} {[%emt 00:00:05]} Nf6 {[%clk 00:15:17]}
{[%emt 00:00:11]} 3. Bg2 {[%clk 00:15:31]} {[%emt 00:00:02]} e6 {[%clk
00:15:23]} {[%emt 00:00:04]} 4. O-O {[%clk 00:15:37]} {[%emt 00:00:03]} Be7
{[%clk 00:15:30]} {[%emt 00:00:03]} 5. d4 {[%clk 00:15:45]} {[%emt 00:00:02]}
O-O {[%clk 00:15:34]} {[%emt 00:00:05]} 6. c4 {[%clk 00:15:53]} {[%emt
00:00:03]} c6 {[%clk 00:15:26]} {[%emt 00:00:19]} 7. Qc2 {[%clk 00:16:01]}
{[%emt 00:00:02]} a5 {[%clk 00:14:51]} {[%emt 00:00:45]} 8. Nbd2 {[%clk
00:15:32]} {[%emt 00:00:39]} b5 {[%clk 00:14:28]} {[%emt 00:00:33]} 9. cxb5
{[%clk 00:13:22]} {[%emt 00:02:19]} cxb5 {[%clk 00:14:36]} {[%emt 00:00:03]} 10.
Ne5 {[%clk 00:12:45]} {[%emt 00:00:47]} Ra7 {[%clk 00:14:30]} {[%emt 00:00:16]}
11. Nb3 {[%clk 00:11:32]} {[%emt 00:01:23]} Rc7 {[%clk 00:13:44]} {[%emt
00:00:55]} 12. Qd3 {[%clk 00:11:22]} {[%emt 00:00:20]} a4 {[%clk 00:13:50]}
{[%emt 00:00:05]} 13. Nc5 {[%clk 00:11:27]} {[%emt 00:00:05]} Bxc5 {[%clk
00:12:55]} {[%emt 00:01:06]} 14. dxc5 {[%clk 00:11:35]} {[%emt 00:00:01]} Ba6
{[%clk 00:13:03]} {[%emt 00:00:02]} 15. Qd4 {[%clk 00:09:09]} {[%emt 00:02:35]}
Nbd7 {[%clk 00:12:38]} {[%emt 00:00:36]} 16. Nd3 {[%clk 00:08:55]} {[%emt
00:00:24]} e5 {[%clk 00:10:20]} {[%emt 00:02:27]} 17. Nxe5 {[%clk 00:08:49]}
{[%emt 00:00:16]} Nxe5 {[%clk 00:10:21]} {[%emt 00:00:09]} 18. Qxe5 {[%clk
00:08:57]} {[%emt 00:00:02]} Rxc5 {[%clk 00:10:25]} {[%emt 00:00:05]} 19. Bg5
{[%clk 00:06:02]} {[%emt 00:03:04]} Re8 {[%clk 00:09:28]} {[%emt 00:01:09]} 20.
Bxf6 {[%clk 00:05:16]} {[%emt 00:00:56]} gxf6 {[%clk 00:09:35]} {[%emt
00:00:02]} 21. Qf5 {[%clk 00:05:05]} {[%emt 00:00:20]} Re5 {[%clk 00:09:14]}
{[%emt 00:00:32]} 22. Qg4+ {[%clk 00:05:12]} {[%emt 00:00:03]} Kh8 {[%clk
00:09:01]} {[%emt 00:00:22]} 23. Rac1 {[%clk 00:05:13]} {[%emt 00:00:09]} Qc7
{[%clk 00:09:05]} {[%emt 00:00:06]} 24. Qf4 {[%clk 00:05:01]} {[%emt 00:00:23]}
Kg7 {[%clk 00:08:46]} {[%emt 00:00:29]} 25. Rxc5 {[%clk 00:04:53]} {[%emt
00:00:18]} Qxc5 {[%clk 00:08:55]} {[%emt 00:00:02]} 26. Rc1 {[%clk 00:04:57]}
{[%emt 00:00:05]} Qd6 {[%clk 00:08:54]} {[%emt 00:00:11]} 27. h4 {[%clk
00:04:39]} {[%emt 00:00:28]} b4 {[%clk 00:08:04]} {[%emt 00:00:59]} 28. Bf3
{[%clk 00:04:20]} {[%emt 00:00:29]} Bc4 {[%clk 00:07:52]} {[%emt 00:00:23]} 29.
Qg4+ {[%clk 00:03:47]} {[%emt 00:00:42]} Kf8 {[%clk 00:07:09]} {[%emt
00:00:54]} 30. Qc8+ {[%clk 00:03:11]} {[%emt 00:00:46]} Re8 {[%clk 00:07:05]}
{[%emt 00:00:14]} 31. Qf5 {[%clk 00:03:19]} Kg7 {[%clk 00:06:04]} {[%emt
00:01:12]} 32. Qg4+ {[%clk 00:02:42]} {[%emt 00:00:47]} Kh8 {[%clk 00:06:00]}
{[%emt 00:00:14]} 33. Qh5 {[%clk 00:02:50]} {[%emt 00:00:02]} Kg7 {[%clk
00:05:35]} {[%emt 00:00:35]} 34. Qg4+ {[%clk 00:02:52]} {[%emt 00:00:09]} Kh8
{[%clk 00:05:43]} {[%emt 00:00:01]} 35. Qh5 {[%clk 00:03:01]} {[%emt 00:00:01]}
Kg7 {[%clk 00:05:52]} {[%emt 00:00:01]} 36. Qg4+ {[%clk 00:02:59]} {[%emt
00:00:12]} 1/2-1/2

[Event "Campeonato de España Universitario 2024"]
[Site "Zaragoza, Spain"]
[Date "2024.04.23"]
[Round "4.4"]
[White "Galiana Fernandez, Adrian"]
[Black "Callejas Rojas, Francisco Miguel"]
[Result "0-1"]
[WhiteFideId "32010150"]
[BlackFideId "32072503"]
[WhiteElo "2274"]
[BlackElo "2209"]

1. c4 {[%clk 00:15:11]} {[%emt 00:00:08]} e6 {[%clk 00:15:13]} {[%emt
00:00:07]} 2. Nc3 {[%clk 00:15:17]} {[%emt 00:00:04]} d5 {[%clk 00:15:22]}
{[%emt 00:00:01]} 3. d4 {[%clk 00:15:26]} Nf6 {[%clk 00:15:31]} {[%emt
00:00:01]} 4. cxd5 {[%clk 00:15:34]} {[%emt 00:00:02]} exd5 {[%clk 00:15:39]}
{[%emt 00:00:02]} 5. Bg5 {[%clk 00:15:34]} {[%emt 00:00:09]} c6 {[%clk
00:15:48]} {[%emt 00:00:02]} 6. e3 {[%clk 00:15:43]} Be6 {[%clk 00:15:57]}
{[%emt 00:00:02]} 7. Bd3 {[%clk 00:15:47]} {[%emt 00:00:06]} Nbd7 {[%clk
00:16:06]} {[%emt 00:00:02]} 8. Nf3 {[%clk 00:15:40]} {[%emt 00:00:16]} h6
{[%clk 00:16:14]} {[%emt 00:00:01]} 9. Bf4 {[%clk 00:15:49]} {[%emt 00:00:01]}
g5 {[%clk 00:16:23]} {[%emt 00:00:01]} 10. Bg3 {[%clk 00:15:46]} {[%emt
00:00:12]} Nh5 {[%clk 00:16:32]} {[%emt 00:00:02]} 11. Qc2 {[%clk 00:15:52]}
{[%emt 00:00:04]} Nxg3 {[%clk 00:16:19]} {[%emt 00:00:23]} 12. hxg3 {[%clk
00:16:00]} {[%emt 00:00:02]} Qf6 {[%clk 00:15:06]} {[%emt 00:01:23]} 13. O-O-O
{[%clk 00:14:38]} {[%emt 00:01:31]} O-O-O {[%clk 00:14:08]} {[%emt 00:01:09]}
14. e4 {[%clk 00:12:16]} {[%emt 00:02:32]} Nb6 {[%clk 00:13:52]} {[%emt
00:00:26]} 15. Kb1 {[%clk 00:09:41]} {[%emt 00:02:44]} Kb8 {[%clk 00:13:28]}
{[%emt 00:00:34]} 16. e5 {[%clk 00:08:35]} {[%emt 00:01:16]} Qe7 {[%clk
00:13:17]} {[%emt 00:00:22]} 17. Bf5 {[%clk 00:08:31]} {[%emt 00:00:14]} Bg7
{[%clk 00:12:54]} {[%emt 00:00:33]} 18. g4 {[%clk 00:08:35]} {[%emt 00:00:06]}
Qd7 {[%clk 00:11:56]} {[%emt 00:01:09]} 19. Ka1 {[%clk 00:07:40]} {[%emt
00:01:05]} Rhf8 {[%clk 00:11:56]} {[%emt 00:00:10]} 20. Rhe1 {[%clk 00:07:26]}
{[%emt 00:00:23]} Rc8 {[%clk 00:10:34]} {[%emt 00:01:32]} 21. Nd2 {[%clk
00:07:03]} {[%emt 00:00:33]} h5 {[%clk 00:10:30]} {[%emt 00:00:14]} 22. Bxe6
{[%clk 00:06:12]} {[%emt 00:01:01]} fxe6 {[%clk 00:10:37]} {[%emt 00:00:04]} 23.
gxh5 {[%clk 00:05:15]} {[%emt 00:01:06]} Rxf2 {[%clk 00:10:39]} {[%emt
00:00:08]} 24. Rf1 {[%clk 00:04:52]} {[%emt 00:00:33]} Rcf8 {[%clk 00:09:45]}
{[%emt 00:01:04]} 25. g4 {[%clk 00:01:38]} {[%emt 00:03:24]} Nc4 {[%clk
00:09:22]} {[%emt 00:00:33]} 26. Qd3 {[%clk 00:01:46]} {[%emt 00:00:02]} Nxd2
{[%clk 00:06:34]} {[%emt 00:02:59]} 27. Rxf2 {[%clk 00:01:53]} {[%emt
00:00:03]} Rxf2 {[%clk 00:06:42]} {[%emt 00:00:02]} 28. Rxd2 {[%clk 00:02:01]}
{[%emt 00:00:02]} Rf4 {[%clk 00:06:49]} {[%emt 00:00:03]} 29. Qg6 {[%clk
00:01:22]} {[%emt 00:00:49]} Qf7 {[%clk 00:05:58]} {[%emt 00:01:01]} 30. Qxg5
{[%clk 00:01:29]} {[%emt 00:00:03]} Qf8 {[%clk 00:06:00]} {[%emt 00:00:08]} 31.
Rd1 {[%clk 00:01:08]} {[%emt 00:00:31]} c5 {[%clk 00:03:39]} {[%emt 00:02:31]}
32. dxc5 {[%clk 00:00:27]} {[%emt 00:00:51]} a6 {[%clk 00:03:15]} {[%emt
00:00:34]} 33. a3 {[%clk 00:00:36]} {[%emt 00:00:01]} Rf2 {[%clk 00:02:56]}
{[%emt 00:00:29]} 34. Qe3 {[%clk 00:00:36]} {[%emt 00:00:10]} Rf3 {[%clk
00:02:43]} {[%emt 00:00:23]} 35. Qe2 {[%clk 00:00:42]} {[%emt 00:00:03]} Qf4
{[%clk 00:02:36]} {[%emt 00:00:18]} 36. g5 {[%clk 00:00:45]} {[%emt 00:00:08]}
Bxe5 {[%clk 00:02:41]} {[%emt 00:00:05]} 37. c6 {[%clk 00:00:20]} {[%emt
00:00:35]} d4 {[%clk 00:01:35]} {[%emt 00:01:16]} 38. Ne4 {[%clk 00:00:19]}
{[%emt 00:00:11]} d3 {[%clk 00:01:40]} {[%emt 00:00:05]} 39. Rxd3 {[%clk
00:00:24]} {[%emt 00:00:05]} Qc1+ {[%clk 00:01:49]} 40. Ka2 {[%clk 00:00:29]}
{[%emt 00:00:05]} Qc4+ {[%clk 00:01:58]} {[%emt 00:00:01]} 41. Rb3 {[%clk
00:00:25]} {[%emt 00:00:14]} Qxb3+ {[%clk 00:01:41]} {[%emt 00:00:27]} 42. Kb1
{[%clk 00:00:31]} {[%emt 00:00:04]} Rf1+ {[%clk 00:01:49]} {[%emt 00:00:02]}
0-1

[Event "Campeonato de España Universitario 2024"]
[Site "Zaragoza, Spain"]
[Date "2024.04.23"]
[Round "4.5"]
[White "Castillo Dalmau, Albert"]
[Black "Mkrtchyan, Levon"]
[Result "0-1"]
[WhiteFideId "32009925"]
[BlackFideId "13309560"]
[WhiteElo "2222"]
[BlackElo "2169"]

1. Nf3 {[%clk 00:15:11]} {[%emt 00:00:08]} d5 {[%clk 00:15:19]} {[%emt
00:00:02]} 2. b3 {[%clk 00:15:10]} {[%emt 00:00:12]} e6 {[%clk 00:15:23]}
{[%emt 00:00:06]} 3. Bb2 {[%clk 00:15:16]} {[%emt 00:00:04]} Nf6 {[%clk
00:15:30]} {[%emt 00:00:02]} 4. c4 {[%clk 00:15:23]} {[%emt 00:00:03]} Bd6
{[%clk 00:15:30]} {[%emt 00:00:10]} 5. g3 {[%clk 00:15:23]} {[%emt 00:00:10]}
O-O {[%clk 00:15:37]} {[%emt 00:00:03]} 6. Bg2 {[%clk 00:15:31]} {[%emt
00:00:01]} Nc6 {[%clk 00:14:06]} {[%emt 00:01:42]} 7. d4 {[%clk 00:15:01]}
{[%emt 00:00:39]} Re8 {[%clk 00:13:28]} {[%emt 00:00:48]} 8. O-O {[%clk
00:15:01]} {[%emt 00:00:10]} dxc4 {[%clk 00:12:59]} {[%emt 00:00:40]} 9. bxc4
{[%clk 00:15:09]} {[%emt 00:00:01]} Bd7 {[%clk 00:11:30]} {[%emt 00:01:39]} 10.
Nbd2 {[%clk 00:14:36]} {[%emt 00:00:41]} e5 {[%clk 00:11:21]} {[%emt 00:00:20]}
11. d5 {[%clk 00:09:30]} {[%emt 00:05:16]} Nb4 {[%clk 00:09:23]} {[%emt
00:02:07]} 12. e4 {[%clk 00:05:58]} {[%emt 00:03:42]} Nd3 {[%clk 00:08:00]}
{[%emt 00:01:33]} 13. Bc3 {[%clk 00:06:02]} {[%emt 00:00:05]} Nc5 {[%clk
00:08:07]} {[%emt 00:00:03]} 14. Ne1 {[%clk 00:04:23]} {[%emt 00:01:49]} Qc8
{[%clk 00:06:52]} {[%emt 00:01:25]} 15. a4 {[%clk 00:04:02]} {[%emt 00:00:32]}
a5 {[%clk 00:06:33]} {[%emt 00:00:29]} 16. Qc2 {[%clk 00:03:48]} {[%emt
00:00:24]} Bh3 {[%clk 00:03:53]} {[%emt 00:02:50]} 17. f3 {[%clk 00:03:39]}
{[%emt 00:00:19]} b6 {[%clk 00:03:46]} {[%emt 00:00:18]} 18. Nb3 {[%clk
00:03:21]} {[%emt 00:00:28]} Bxg2 {[%clk 00:00:40]} {[%emt 00:03:15]} 19. Kxg2
{[%clk 00:03:29]} Nfd7 {[%clk 00:00:49]} {[%emt 00:00:02]} 20. Nd3 {[%clk
00:03:26]} {[%emt 00:00:13]} Nxd3 {[%clk 00:00:46]} {[%emt 00:00:13]} 21. Qxd3
{[%clk 00:03:35]} {[%emt 00:00:01]} Nc5 {[%clk 00:00:40]} {[%emt 00:00:17]} 22.
Nxc5 {[%clk 00:03:43]} {[%emt 00:00:02]} Bxc5 {[%clk 00:00:49]} 23. f4 {[%clk
00:03:41]} {[%emt 00:00:11]} Bd6 {[%clk 00:00:57]} {[%emt 00:00:02]} 24. Rf3
{[%clk 00:02:13]} {[%emt 00:01:38]} f6 {[%clk 00:00:26]} {[%emt 00:00:42]} 25.
f5 {[%clk 00:00:47]} {[%emt 00:01:36]} Qd7 {[%clk 00:00:34]} {[%emt 00:00:02]}
26. Bd2 {[%clk 00:00:52]} {[%emt 00:00:05]} Bb4 {[%clk 00:00:34]} {[%emt
00:00:10]} 27. Be3 {[%clk 00:00:56]} {[%emt 00:00:05]} Kf7 {[%clk 00:00:28]}
{[%emt 00:00:17]} 28. g4 {[%clk 00:01:04]} {[%emt 00:00:02]} h6 {[%clk
00:00:37]} 29. h4 {[%clk 00:01:12]} {[%emt 00:00:01]} Rh8 {[%clk 00:00:43]}
{[%emt 00:00:04]} 30. Rg3 {[%clk 00:01:21]} {[%emt 00:00:02]} Rag8 {[%clk
00:00:49]} {[%emt 00:00:04]} 31. g5 {[%clk 00:01:18]} {[%emt 00:00:13]} hxg5
{[%clk 00:00:58]} {[%emt 00:00:01]} 32. hxg5 {[%clk 00:01:27]} Rh5 {[%clk
00:00:51]} {[%emt 00:00:17]} 33. Qe2 {[%clk 00:00:53]} {[%emt 00:00:45]} Rgh8
{[%clk 00:01:00]} 34. Qg4 {[%clk 00:01:01]} Rh2+ {[%clk 00:00:24]} {[%emt
00:00:47]} 35. Kf1 {[%clk 00:00:55]} {[%emt 00:00:16]} R8h4 {[%clk 00:00:28]}
{[%emt 00:00:05]} 36. Qf3 {[%clk 00:01:03]} {[%emt 00:00:03]} Qe8 {[%clk
00:00:19]} {[%emt 00:00:19]} 37. gxf6 {[%clk 00:00:22]} {[%emt 00:00:51]} gxf6
{[%clk 00:00:28]} {[%emt 00:00:01]} 38. Rg2 {[%clk 00:00:24]} {[%emt 00:00:08]}
Rxg2 {[%clk 00:00:30]} {[%emt 00:00:08]} 39. Qxg2 {[%clk 00:00:32]} {[%emt
00:00:02]} Qg8 {[%clk 00:00:39]} {[%emt 00:00:02]} 40. Qf3 {[%clk 00:00:19]}
{[%emt 00:00:23]} Qg4 {[%clk 00:00:48]} 41. Qxg4 {[%clk 00:00:27]} {[%emt
00:00:03]} Rxg4 {[%clk 00:00:57]} 42. Ke2 {[%clk 00:00:27]} {[%emt 00:00:10]}
Rxe4 {[%clk 00:01:06]} {[%emt 00:00:01]} 43. Kd3 {[%clk 00:00:37]} Rh4 {[%clk
00:01:08]} {[%emt 00:00:08]} 44. Rg1 {[%clk 00:00:42]} {[%emt 00:00:05]} Rh3
{[%clk 00:01:07]} {[%emt 00:00:11]} 0-1